[Event "San Francisco Neil Falconer op"]
[Site "San Francisco"]
[Date "2013.08.06"]
[Round "1"]
[White "Grey, Peter G"]
[Black "Allen, Tom"]
[Result "1-0"]
[WhiteElo "2000"]
[BlackElo "1574"]
[PlyCount "67"]
[EventDate "2013.08.06"]
[EventType "swiss"]
[EventRounds "9"]
[EventCountry "USA"]
[SourceTitle "EXT 2016"]
[Source "ChessBase"]
[SourceDate "2015.10.08"]
[SourceVersion "1"]
[SourceVersionDate "2015.10.08"]
[SourceQuality "1"]

1. d4 Nf6 2. Nf3 d5 3. c4 e6 4. g3 Nc6 5. Bg2 Ne7 6. 0-0 Ng6 7. Nc3 c6 8. Qd3 Bd6 9. e4 dxe4 10. Nxe4 Nxe4 11. Qxe4 0-0 12. Rd1 f5 13. Qe2 Qc7 14. c5 Be7 15. Ne5 Nxe5 16. Bf4 Bf6 17. Bxe5 Bxe5 18. dxe5 Qe7 19. Rd6 Bd7 20. f4 Rfd8 21. Rad1 Rac8 22. R1d4 Rc7 23. b4 a6 24. a4 Kf8 25. Qd2 Ke8 26. Bf1 Rcc8 27. Bc4 g6 28. Qa2 Ra8 29. Qb3 Rab8 30. Qd3 Rbc8 31. Kf2 Rb8 32. Qb3 Rbc8 33. Ke3 Rb8 34. Bxe6 1-0

[Event "San Francisco TNM Summer op"]
[Site "San Francisco"]
[Date "2013.05.28"]
[Round "1"]
[White "Grey, Peter G"]
[Black "Morgan, Jerry"]
[Result "1-0"]
[WhiteElo "2000"]
[BlackElo "1575"]
[PlyCount "89"]
[EventDate "2013.05.28"]
[EventType "swiss"]
[EventRounds "8"]
[EventCountry "USA"]
[SourceTitle "EXT 2016"]
[Source "ChessBase"]
[SourceDate "2015.10.08"]
[SourceVersion "1"]
[SourceVersionDate "2015.10.08"]
[SourceQuality "1"]

1. e4 c6 2. d4 d5 3. Nc3 dxe4 4. Nxe4 Bf5 5. Ng3 Bg6 6. h4 h6 7. Nf3 Nd7 8. h5 Bh7 9. Bd3 Bxd3 10. Qxd3 e6 11. Bd2 Ngf6 12. 0-0-0 Be7 13. Kb1 0-0 14. Ne4 c5 15. Bf4 Nd5 16. Bc1 Qa5 17. Bd2 Nb4 18. Qb3 Qb6 19. Bxb4 Qxb4 20. Qxb4 cxb4 21. Ne5 Nb6 22. c4 bxc3 23. bxc3 Rfc8 24. Kc2 Rc7 25. Kb3 a5 26. a4 Rac8 27. Rh3 Nd5 28. c4 Nb6 29. c5 Nd5 30. Rf3 Nf6 31. Nc3 b6 32. Nb5 bxc5 33. Nxc7 Rxc7 34. dxc5 Rxc5 35. Nd7 Rxh5 36. Rc3 Nd5 37. Rc8+ Kh7 38. Nf8+ Bxf8 39. Rxf8 Rf5 40. Rd2 g5 41. Ra8 Nf4 42. g4 Re5 43. Rd7 Kg6 44. Rg8+ Kf6 45. Rf8 1-0